LIBRARY & INFORMATION CENTRE, KCAET, TAVANUR

ONLINE PUBLIC ACCESS CATALOGUE (OPAC)

Introduction to topology and modern analysis / (Record no. 9393)

MARC details
000 -LEADER
fixed length control field 00460cam a2200169ua 4500
020 ## - INTERNATIONAL STANDARD BOOK NUMBER
ISBN 0-07-785695-8
041 ## - LANGUAGE CODE
Language code of text/sound track or separate title eng
082 ## - DEWEY DECIMAL CLASSIFICATION NUMBER
Classification number 514
Item number SIM/IN
100 ## - MAIN ENTRY--AUTHOR NAME
Personal name Simmons, George F .
245 ## - TITLE STATEMENT
Title Introduction to topology and modern analysis /
260 ## - PUBLICATION, DISTRIBUTION, ETC. (IMPRINT)
Place of publication Singapore :
Name of publisher McGraw Hill Book Company ,
Year of publication 1963.
300 ## - PHYSICAL DESCRIPTION
Number of Pages 372 ; .
942 ## - ADDED ENTRY ELEMENTS (KOHA)
Koha item type Books
Holdings
Withdrawn status Lost status Damaged status Home library Current library Date acquired Full call number Accession Number Koha item type
      KAUAET KAUAET 07/04/2012 514 16851 Books
free website counter